Miasta/wioski w pobliżu Gorzowa Wielkopolskiego - Statystyki

Ogólne statystyki
  • Ten quiz został rozwiązany 70 razy
  • Średni wynik to 4 z 9
Statystyki odpowiedzi
KM Odpowiedź % Poprawnych
6,52 Kłodawa
84%
4,37 Wawrów
71%
5,44 Chwalęcice
57%
5,35 Czechów
55%
7,15 Wojcieszyce
36%
7,94 Janczewo
32%
5,54 Łagodzin
29%
6,38 Osiedle poznańskie
27%
5,25 Jeże
9%
Nie znaleziono quizów pasujących do podanych kryteriów
Rozkład punktacji
Procent ludzi z każdym wynikiem
Percentyl według liczby udzielonych odpowiedzi
Twoja historia wyników
Nie rozwiązałeś tego quizu